01161nam a2200253 a 450000100100000000500170001000800410002704000250006808200160009310000280010924000530013724501270019026000680031730000210038550000730040650500620047959000750054170000220061670000280063870000280066604900090069495201870070399900170089000003580920200930074629.0111114s1957 mx 000 0 spa d aDO-SdBNPbspacBNPHU axxxxbP769c1 aPolizer, Georges96176010aPrincepes Fundamentaus de PhilosophielFrancés10aCursos de filosofia II :bprincipios fundamentales /cGorges Polizer, Guy Besse, Maurice Caveing; traducción Elisa Ruiz. aMéxico :bFondo de Cultura Populares,c1957.fEditora Popular a149 p. ;c21 cm. aIncluye referencias bibliográficas y notas al pie de las páginas0 gPrimera partetEstudio del método dialéctico marxista aPerteneció a la biblioteca personal de Juan Isidro Jimenes Grullón12aBasse, Guy96176112aCaveing, Maurice96176212aRuis, Elisaetr.961763 aBNPD 001050718MOaGRbGRcCTd2011-11-14iLF1l0oxxxx P769cp35809-10r2020-06-25w2020-06-25y1zPerteneció a la biblioteca personal de Juan Isidro Jimenes Grullón.ZNo se presta c35300d35300